| 000 | 00973nam a2200253 i 4500 | ||
|---|---|---|---|
| 001 | 184966 | ||
| 003 | SpMaBN | ||
| 005 | 20230906222324.0 | ||
| 008 | 160229s1975 sp |||| |bspa d | ||
| 080 | _a929 Artaud, Antonin | ||
| 080 | _a821.133.1 Artaud, Antonin 1.07 | ||
| 100 | 1 |
_aDurozoi, Gérard. _9158892 |
|
| 245 | 1 | 0 |
_aArtaud _b: la enajenación y la locura / _cGérard Durozoi ; [traductor, José Delor]. |
| 246 | 3 | 4 | _aArtaud, enajenación y locura |
| 260 |
_aMadrid : _bGuadarrama, _c[1975] |
||
| 300 |
_a259 p. ; _c18 cm. |
||
| 490 | 1 |
_aColección universitaria de bolsillo Punto omega. Literatura moderna ; _v188 |
|
| 504 | _aBibliografía: p. 233-255. | ||
| 600 | 1 | 7 |
_aArtaud, Antonin. _923422 |
| 600 | 1 | 4 |
_aArtaud, Antonin- _xCrítica e interpretación. _923423 |
| 830 | 0 |
_aColección universitaria de bolsillo Punto omega. Literatura moderna ; _v188 _9225154 |
|
| 852 |
_aES-MaACL _jL-30229 _z. - Donat. Miguel A. Velasco |
||
| 999 |
_c184966 _d184966 |
||